000 02835nam a2200541 c 4500
999 _c189458
_d189458
003 BLK
005 20250118142932.0
008 180411b bul|||||r ||||||| ||bul||
010 _aKNG00198501000
020 _a978-619-7369-00-7
040 _aBLK
041 _aBUL
_cBUL
072 7 _2bullib
_aН32
_xПолитика Н
080 _aШпионаж. Политическо влияние чрез тайни (разузнавателни) служби
_b327.84
_x(497.2)(092)
_z327.84(497.2)(092)
080 _aОргани на обществения ред. Полиция. Обществена власт. Доброволни отреди. Държавна сигурност. Милиция. Дейност на полицията по вътрешно разузнаване
_b351.74
_x(497.2)(091)
_z351.74(497.2)(091)
080 _b949.72.063/.065
_z949.72.063/.065
080 _aБългарски дипломат и юрист, осъден на смърт за шпионаж в полза на Съединените щати
_b929 Георгиев, Иван-Асен Христов
_z929 Георгиев, Иван-Асен Христов
100 1 _aПроданов, Продан
_eпърви автор
_9344835
139 _aПроданов, Продан
_bГ 37
245 1 0 _aДелото "Двуличник". Супершпионинът Иван-Асен Георгиев
_bАмер. агент или полит. жертва : Най-голямата шпионска афера от времето на социализма
_cПродан Проданов.
257 _aBGR
260 _bМодерно изкуство
_c2016
300 _a280 с.
_bсъс сн., факс.
_c20 см
380 _a3
490 1 _aБиблиотека Incognito
500 _aСъдържа иза авт.
600 1 4 _aГеоргиев, Иван-Асен Христов
_9344836
650 4 _aДържавна сигурност - България
_9254494
650 4 _aШпионаж и диверсия - България
_9286366
650 7 _aБългария - история, най-нова
_2
_9149577
650 4 _aГеоргиев, Иван-Асен Христов
_9344836
651 4 _aБългария
_9241624
653 _aИван-Асен Георгиев
653 _aшпиони
653 _aпредателство
653 _aдържавна сигурност
653 _aдипломати
653 _aбългарска история
653 _aнай-нова история
659 _aН
852 _aЦб 283681
856 4 _qpdf
856 4 _qpdf
942 _cKNG
_n0
_07
944 _aCR
_c17.12.2016
_lГеновева Генчева
_k30560
944 _aED
_c15.02.2017
_lф /
_kЛюдмила_Стоянова
999 _d189458